00438nam a2200133 4500008001700000020001500017082002200032100001500054245001300069260005000082300003700132650010200169700003300271735.230.47 R234r a0965058352 a735.230.47bR234r aRath, Alan aRobotics aSanta Fe, Nuevo MéxicobSITE Santa Fec1999 a64 p.bill (col)c23.5 x 29.5 cm xarte contemporáneoxarte - exhibicionesxarte - esculturaxescultura cinéticaxEstados Unidos aGrachos, Louis (curaduría)